López Baz y Calleja /

Estudio sobre algunas obras escogidas de los arquitectos mexicanos Alfonso López Baz y Javier Calleja, realizadas entre 1989 y 2002, con ejemplos de arquitectura residencial, interiores, oficinas y oficinas corporativas. El recorrido fotográfico se acompaña con textos que analizan la actitud y la fo...

Descripció completa

Guardat en:
Dades bibliogràfiques
Autor principal: Adrià, Miquel (texto)
Format: Llibre
Idioma:espanyol
Publicat: México : Arquine : Editorial RM, 2003, c2003
Matèries:
Etiquetes: Afegir etiqueta
Sense etiquetes, Sigues el primer a etiquetar aquest registre!

MARC

LEADER 00000nam^a2200000^a^4500
001 000174851
005 20250521000000.0
009 20260310101543.586
020 |a 968-5208-14-X 
037 |a Acervo ITESO - Biblioteca 
041 |a ESP 
082 |a 720. 972063  |b ADR 
100 |a Adrià, Miquel  |e (texto) 
245 1 0 |a López Baz y Calleja /  |c Texto de M. Adrià ; presen. de Alberto Kalach ; fotografía de Fernando Cordero... [et al.] ; tr. por Gregory Dechant. 
264 4 |a México :  |b Arquine :  |b Editorial RM,  |c 2003, c2003 
300 |a 181 p. 
336 |a texto  |b txt  |2 rdacontenido 
337 |a sin mediación  |b n  |2 rdamedio 
338 |a volumen  |b nc  |2 rdasoporte 
520 |a Estudio sobre algunas obras escogidas de los arquitectos mexicanos Alfonso López Baz y Javier Calleja, realizadas entre 1989 y 2002, con ejemplos de arquitectura residencial, interiores, oficinas y oficinas corporativas. El recorrido fotográfico se acompaña con textos que analizan la actitud y la forma de trabajar de estos arquitectos, dentro del contexto en que se han desarrollado. En la obra de López Baz y Calleja se reconoce la influencia de la serenidad de Luis Barragán y el minimalismo; se caracteriza su arquitectura por una elegancia destinada a los sentidos; es confortable, de grandes espacios ordenados, de formas simples, dirigida al bienestar y el gozo. Buscan lograr ambientes agradables con la integración entre arquitectura, diseño, mobiliario, decoración y arte. 
546 |a Edición bilingüe español-inglés 
649 |a XX 
650 |a Arquitectos Mexicanos 
650 |a Artistas Mexicanos 
650 |a Oficinas Empresariales -  |z México 
650 |a Teatros -  |z México 
650 |a Locales Comerciales y de Servicios -  |z México 
650 |a Departamentos -  |z México 
650 |a Condominios Verticales -  |z México 
650 |a Vivienda -  |z México 
650 |a Decoración y Ornamentación -  |z México 
650 |a Minimalismo 
650 |a Arquitectura Regionalista -  |z México 
650 |a Arquitectura Moderna -  |z México (Ciudad) 
650 |a Arquitectura Mexicana -  |y 1990-1999 
650 |a Arquitectura Mexicana -  |y 2000-2009 
650 |a Arquitectura Mexicana -  |x Historia y Crítica 
650 |a Arte Moderno -  |z México 
650 |a Arte Mexicano -  |y 1990-1999 
650 |a Arte Mexicano -  |y 2000-2009 
650 |a Arte Mexicano -  |x Historia y Crítica 
650 |a López Baz, Alfonso 
650 |a Calleja, Javier 
910 |a Fondo General 
920 |a Impresos - Libros 
930 |a Reserva Especial 
905 |a 103 
901 |a 0500113003  |b IT1  |c REE  |u 20250521 
902 |a https://opac.biblio.iteso.mx/vufind/Record/000174851